Исследование свойств алюмоциркониевой керамики; Химия и химическая технология в XXI веке; Т. 1

Podrobná bibliografie
Parent link:Химия и химическая технология в XXI веке: материалы XXII Международной научно-практической конференции студентов и молодых ученых имени выдающихся химиков Л. П. Кулёва и Н. М. Кижнера, посвященной 125-летию со дня основания Томского политехнического университета, Томск, 17-20 мая 2021 г./ Национальный исследовательский Томский политехнический университет (ТПУ) ; Инженерная школа природных ресурсов ; Исследовательская школа химических и биомедицинских технологий.— , 2021
Т. 1.— 2021.— [С. 42-43]
Hlavní autor: Быстрицкая Д. А.
Korporativní autor: Национальный исследовательский Томский политехнический университет Инженерная школа новых производственных технологий Научно-образовательный центр Н. М. Кижнера
Další autoři: Задорожная О. Ю. (научный руководитель), Малиновская М. Д., Хабас Т. А. Тамара Андреевна
Shrnutí:Заглавие с титульного экрана
Jazyk:ruština
Vydáno: 2021
Edice:Химия и химическая технология неорганических веществ и материалов
Témata:
On-line přístup:http://earchive.tpu.ru/handle/11683/66232
Médium: MixedMaterials Elektronický zdroj Kapitola
KOHA link:https://koha.lib.tpu.ru/cgi-bin/koha/opac-detail.pl?biblionumber=632792

MARC

LEADER 00000naa2a2200000 4500
001 632792
005 20231101133729.0
035 |a (RuTPU)RU\TPU\conf\34514 
035 |a RU\TPU\conf\34512 
090 |a 632792 
100 |a 20210520d2021 k y0rusy50 ca 
101 0 |a rus 
102 |a RU 
105 |a y z 101zy 
135 |a drcn ---uucaa 
181 0 |a i  
182 0 |a b 
200 1 |a Исследование свойств алюмоциркониевой керамики  |f Д. А. Быстрицкая, О. Ю. Задорожная, М. Д. Малиновская  |g науч. рук. Т. А. Хабас 
203 |a Текст  |c электронный 
225 1 |a Химия и химическая технология неорганических веществ и материалов 
230 |a 1 компьютерный файл (pdf; 1 828 Kb) 
300 |a Заглавие с титульного экрана 
320 |a [Библиогр.: с. 43 (2 назв.)] 
461 1 |0 (RuTPU)RU\TPU\conf\34506  |t Химия и химическая технология в XXI веке  |o материалы XXII Международной научно-практической конференции студентов и молодых ученых имени выдающихся химиков Л. П. Кулёва и Н. М. Кижнера, посвященной 125-летию со дня основания Томского политехнического университета, Томск, 17-20 мая 2021 г.  |o в 2 т.  |f Национальный исследовательский Томский политехнический университет (ТПУ) ; Инженерная школа природных ресурсов ; Исследовательская школа химических и биомедицинских технологий  |d 2021 
463 1 |0 (RuTPU)RU\TPU\conf\34507  |t Т. 1  |v [С. 42-43]  |d 2021 
610 1 |a труды учёных ТПУ 
610 1 |a электронный ресурс 
610 1 |a свойства 
610 1 |a алюмоциркониевая керамика 
610 1 |a диоксид циркония 
610 1 |a компонентный состав 
610 1 |a плазмохимический синтез 
610 1 |a добавки 
610 1 |a спекание 
610 1 |a прочность 
610 1 |a пористость 
700 1 |a Быстрицкая  |b Д. А. 
701 1 |a Задорожная  |b О. Ю. 
701 1 |a Малиновская  |b М. Д. 
702 1 |a Хабас  |b Т. А.  |c химик  |c профессор Томского политехнического университета, доктор технических наук  |f 1949-  |g Тамара Андреевна  |2 stltpush  |4 727 
712 0 2 |a Национальный исследовательский Томский политехнический университет  |b Инженерная школа новых производственных технологий  |b Научно-образовательный центр Н. М. Кижнера  |h 7872  |2 stltpush  |3 (RuTPU)RU\TPU\col\23556 
801 2 |a RU  |b 63413507  |c 20210531  |g RCR 
856 4 |u http://earchive.tpu.ru/handle/11683/66232 
942 |c BK